01302ntm a2200289 a 450000100060000000300080000600500170001400800410003103500190007204000350009104100080012608200280013410000330016224502060019526000790040130000360048050200860051650400320060265000320063465000270066665000270069370000440072070000460076494200130081099900170082395201720084075497BD-RjUL20211209082712.0190416s2016 bg a|||| mb|| 00| 0 eng d a(BD-RjUL)75715 aBD-RjULbengcBD-RjULdBD-RjUL aeng 223a633.16894bZAI 20161 aZahan, Shirin Akther923072410aInfluence of Sowing dates and Split application of Nitrogen on growth, Yield and Quality barley /cSubmitted by Shirin Akther Zahan ;6Suvervisor : Md. Belal Hossain ; Co-Supervisor: Md. Arifur Rahman aRajshahi:bDepartment of Agronomy and Agricultural Extention, R. U.,c2016 axvi, 189leaves:bIll. ;c30 cm. aThesis (Ph.D.) -- Department of Agronomy and Agricultural Extention, R. U., 2016 aRefernces : leaves 145-169 aBarleyvFertilizers9230725 aBarleyvGrowth9230726 aBarleyvYields9230727 aHossain, Md. Belal, Suvervisor 9230728 aRahman, Md. Arifur, Co-Supervisor9230729 2ddccTHE c75497d75497 00102ddc40718THESESaRUCLbRUCLcDoc/Thed2018-01-16eController of Examination Office, R. U.l0oTHE 633.16894 ZAI 2016r2019-04-16 00:00:00tC-1w2019-04-16yTHE